Carrière de joueur #1 - Statistiques

Statistiques générales
  • Ce quiz a été pris 387 fois
  • Le résultat moyen est 3 sur 6
Statistiques - réponses
Club 1 Club 2 Club 3 Club 4 Réponse % Correct
OL Bayern Munich OL X Tolisso
91%
Ajax Barelone Atletico Madrid Grêmio Suarez
70%
Chelsea Everton Man. United Inter Lukaku
52%
Nantes Aston Villa Fiorentina OM Veretout
40%
Chelsea Benfica Man. United OL Matic
39%
Benfica Valence Juventus Barcelone Cancelo
30%
Aucun quiz correspondant
Distribution des résultats
% des personnes avec chaque résultat
Percentile par nombre de réponses
Votre historique - résultats
Vous n’avez pas pris ce quiz